| 000 | 00524nam a22001697a 4500 | ||
|---|---|---|---|
| 003 | BD-DhUL | ||
| 005 | 20190901153956.0 | ||
| 008 | 190901snd. pk ||||| |||| 00| 0 urd d | ||
| 040 |
_aBD-DhUL _cBD-DhUL |
||
| 082 |
_a953 _bIBM |
||
| 100 | 3 | _aابن خلدون | |
| 245 | 1 | 0 |
_aمقدمہ ابن خلدون / _cابن خلدون |
| 260 |
_aکراچی : _bمحمد اصح المطابع وکارخانہ تجارت کتب، _c۔ |
||
| 300 |
_aص۔ ۶۰۶ ؛ _c۲۴ سم۔ |
||
| 650 | _aArabian peninsula | ||
| 942 |
_2ddc _cBK |
||
| 999 |
_c249523 _d249523 |
||